| 000 -Etiqueta do registo | |
|---|---|
| campo de controlo de comprimento fixo | 008160000a22002410004500 |
| 001 - Identificador do registo | |
| Campo de controlo | 50689 |
| 010 ## - ISBN | |
| Número (ISBN) | 972-649-205-X |
| 021 ## - Nº depósito legal | |
| Código do país | Portugal |
| Número | 35987/90 |
| 100 ## - Dados Gerais de Proc. | |
| Dados gerais de processamento | 20030130d2003 k y0pory5003 ba |
| 101 0# - Língua da publicação | |
| Língua do texto, banda sonora, etc. | Português |
| 102 ## - País de Publicação | |
| País de publicação | Portugal |
| 200 1# - Título | |
| Título próprio | As amêndoas do padrinho Pascoal |
| Primeira menção de responsabilidade | Maria Isabel de Mendonça Soares |
| Outras menções de responsabilidade | il. Margarida Azevedo |
| 210 ## - Publicação, Distribuição | |
| Lugar da edição, distribuição, etc. | [S.l.] |
| Nome do editor, distribuidor, etc. | Desabrochar |
| Data da publicação, distribuição, etc. | 1990 |
| 215 ## - Descrição física | |
| Descrição física | 52 p |
| Outras indicações físicas | il. |
| 225 2# - Colecção | |
| Título próprio da colecção | Bem crescer, bem viver |
| Indicação de volume | 9 |
| 300 ## - Notas gerais | |
| Texto da nota | Este livro foi doado à Escola E.B. Horta do Carmo |
| 606 ## - Nome comum | |
| Koha Internal code | 2098 |
| Elemento de entrada | Literatura infantil - Conto |
| 675 ## - CDU | |
| Notação | 82-93 |
| Edição | BN |
| Língua da edição | Português |
| 700 #1 - Responsabilidade principal | |
| Koha Internal Code | 43599 |
| Palavra de ordem | Soares |
| Outra parte do nome | Maria Isabel de Mendonça |
| Datas | 1922-2017 |
| 702 #1 - Responsabilidade secundária | |
| Koha Internal Code | 8240 |
| Código de função | Ilustrador |
| Palavra de ordem | Azevedo |
| Outra parte do nome | Margarida |
| 090 ## - Números de controlo do sistema (Koha) | |
| Número biblioitem do Koha (gerado automaticamente) | 50689 |
| 942 ## - Elementos de entrada adicionados (Koha) | |
| Tipo de item no Koha | Monografias |
| Suprimido | Disponível no OPAC |
| 999 ## - Campo local | |
| Campo local | 50689 |
| Perdido (estado) | Data de aquisição | Origem do registo (biblioteca) (codificado) | Código da organização que empresta ou é detentora (biblioteca) | Código de barras | Cota | Tipo de circulação (não pode ser emprestado) | Tipo de item e material |
|---|---|---|---|---|---|---|---|
| Disponível | 2003-01-30 | Biblioteca EB23 D. Paio Peres Correia | Biblioteca EB23 D. Paio Peres Correia | BEBDPPC4802 | 81.6 SOA | Normal | Monografias |